Microsoft Access 2013 inside out / (Record no. 92872)

MARC details
000 -LEADER
fixed length control field 00656nam a22002177a 4500
005 - DATE AND TIME OF LATEST TRANSACTION
control field 20150515171329.0
010 ## - LCCN (DPL NO)
LC control number ENG-112636
020 ## - INTERNATIONAL STANDARD BOOK NUMBER
Terms of availability 895.00
International Standard Book Number 9788120349186
035 ## - SYSTEM CONTROL NUMBER
System control number EN-96168
037 ## - SOURCE OF ACQUISITION
Source of stock number/acquisition DBAD/PUB
082 ## - DEWEY DECIMAL CLASSIFICATION NUMBER
Classification number 005.7565
100 ## - MAIN ENTRY--PERSONAL NAME
Personal name Conrad, Jeff
245 00 - TITLE STATEMENT
Title Microsoft Access 2013 inside out /
Statement of responsibility, etc by Jeff Conrad
260 ## - PUBLICATION, DISTRIBUTION, ETC. (IMPRINT)
Place of publication, distribution, etc Delhi
Name of publisher, distributor, etc PHI Learning
Date of publication, distribution, etc 2014
270 ## - ADDRESS
Address Rimjhim House, 111, Patparganj Industrial Estate,
City Delhi
Postal code 110092
300 ## - PHYSICAL DESCRIPTION
Extent xxv,817p.:
Dimensions 24cm(pbk)
Other physical details ill.
500 ## - GENERAL NOTE
General note Includes index
650 ## - SUBJECT ADDED ENTRY--TOPICAL TERM
Topical term or geographic name as entry element Database management.
650 ## - SUBJECT ADDED ENTRY--TOPICAL TERM
Topical term or geographic name as entry element Relational databases.
942 ## - ADDED ENTRY ELEMENTS (KOHA)
Source of classification or shelving scheme Dewey Decimal Classification
Item type English Books
Call number suffix CON
Classification part 005.7565
Holdings
Withdrawn status Lost status Not for loan Collection code Home library Current library Date acquired Source of acquisition Cost, normal purchase price Full call number Barcode Copy number Cost, replacement price Koha item type
    Not For Loan Non-fiction D.B.Act.Division D.B.Act.Division 10/04/2015 DBAD/Pub. 895.00 005.7565 CON EN-96168 1 895.00 English Books

© Delhi Public Library
Hit Counter
free hit counter